banner-ar

Odze and Goldblum surgical pathology of the GI tract, liver, biliary tract, and pancreas / (Record no. 62222)

MARC details
000 -الفاتح
حقل البيانات ثابتة الطول 00894nam a2200241 4500
005 - وقت وتاريخ اخر تعامل مع التسجيلة
رقم الضبط 20240530110539.0
008 - عناصر البيانات ثابتة الطول - معلومات عامة
حقل البيانات ثابتة الطول 160504s2015 paua|||f b||| 001 0 eng d
020 ## - الرقم الدولى المعيارى للكتب
الرقم الدولى المعيارى للكتاب 9781455707478
040 ## - مصدر الفهرسة
وكالة الفهرسة الأصلية EG-CaGPL
082 04 - رقم تصنيف ديوى العشرى
رقم التصنيف 617.43 /
رقم المادة O O
رقم الطبعة 21
245 00 - بيان العنوان
العنوان Odze and Goldblum surgical pathology of the GI tract, liver, biliary tract, and pancreas /
بيان المسئوليه,etc [edited by] Robert D. Odze and John R. Goldblum.
250 ## - بيان الطبعة
بيان الطبعة 3rd ed.
260 ## - PUBLICATION, DISTRIBUTION, ETC. (IMPRINT)
تاريخ النشر أو التوزيع c2015.
300 ## - الوصف المادى
التعداد xix, 1612 p. :
تفاصيل ماديه اخرى للوعاء ill. ;
أبعاد الوعاء 28 cm.
504 ## - تبصرة ببليوجرافية
تبصرة ببليوجرافية,الخ Includes bibliographical references and index.
650 04 - المدخل الاضافى بالموضوع-مصطلح موضوعى
مصطلح موضوعي Digestive System Surgical Procedures
650 04 - المدخل الاضافى بالموضوع-مصطلح موضوعى
مصطلح موضوعي Pathology, Surgical
التقسيم الفرعي العام Methods.
650 04 - المدخل الاضافى بالموضوع-مصطلح موضوعى
مصطلح موضوعي Digestive System
التقسيم الفرعي العام Physiopathology
700 1# - المدخل الاضافى - اسم شخصى
الإسم الشخصى Odze, Robert D.,
الدور editor.
700 1# - المدخل الاضافى - اسم شخصى
الإسم الشخصى Goldblum, John R.,
الدور editor.
942 ## - عناصر المدخل الإضافي( كوها)
مصدر التصنيف او مخطط الترفيف Dewey Decimal Classification
Koha [default] item type كتاب
260 ## - PUBLICATION, DISTRIBUTION, ETC. (IMPRINT)
-- Philadelphia, PA :
-- Saunders/Elsevier,
Holdings
حالة التراجع حالة الفقد حالة تلف ليس للاعارة المكان المؤقت الموقع الحالى تاريخ الاكتساب اجمالي اﻻعارات رقم الطلب الباركود تاريخ اخر مشاهدة تاريخ تفعيل السعر نوع وعاء كوها
        مكتبة القاهرة الكبرى مكتبة القاهرة الكبرى 05/04/2016   617.43 / O O 161881 05/04/2016 05/04/2016 كتاب

Powered By

EGPV